Discord members by PFP #4 - Statistics

General Stats
  • This quiz has been taken 20 times
    12 since last reset
  • The average score is 6 of 20
Answer Stats
Picture Answer % Correct
Stewart
100%
Danstorm
50%
Franz
50%
Elboy
40%
Ryan
40%
Sexy
40%
Anna
30%
Devvik
30%
Dug
30%
Enzo
30%
Interopia
30%
Nilles
30%
Angbo
20%
Feynman
20%
Kamata
20%
TNM
20%
Tope
20%
Whoopi
20%
7oz
10%
Pifeger
10%
No matching quizzes found
Score Distribution
Percent of People with Each Score
Percentile by Number Answered
Your Score History
You have not taken this quiz since the last reset